Sectional biases in congress on foreign policy / (Record no. 658043)

MARC details
000 -LEADER
fixed length control field 01041nam a2200313 a 4500
001 - CONTROL NUMBER
control field vtls000808770
003 - CONTROL NUMBER IDENTIFIER
control field NLI
005 - DATE AND TIME OF LATEST TRANSACTION
control field 20210627054049.0
008 - FIXED-LENGTH DATA ELEMENTS--GENERAL INFORMATION
fixed length control field 110331s1951 mdua 001 0 eng
039 #9 - LEVEL OF BIBLIOGRAPHIC CONTROL AND CODING DETAIL [OBSOLETE]
-- 201103311630
-- Vargis_01
040 0# - CATALOGING SOURCE
Original cataloging agency NLI
Language of cataloging eng
Transcribing agency Vergis_S
Description conventions AACR2
041 0# - LANGUAGE CODE
Language code of text/sound track or separate title eng
044 ## - COUNTRY OF PUBLISHING/PRODUCING ENTITY CODE
MARC country code mdu
084 ## - OTHER CLASSIFICATION NUMBER
Classification number 148
100 1# - MAIN ENTRY--PERSONAL NAME
Personal name Grassmuck, George
9 (RLIN) 780179
245 10 - TITLE STATEMENT
Title Sectional biases in congress on foreign policy /
Statement of responsibility, etc. by George Grassmuck
260 ## - PUBLICATION, DISTRIBUTION, ETC.
Place of publication, distribution, etc. Baltimore :
Name of publisher, distributor, etc. Johns Hopkins Press,
Date of publication, distribution, etc. 1951
300 ## - PHYSICAL DESCRIPTION
Extent 181 p. :
Other physical details ill.;
Dimensions 23 cm.
440 #0 - SERIES STATEMENT/ADDED ENTRY--TITLE
Title Johns Hopkins University. Studies in historical and political science,
Volume/sequential designation ser. 68, no. 3
9 (RLIN) 780180
500 ## - GENERAL NOTE
General note Includes index
610 10 - SUBJECT ADDED ENTRY--CORPORATE NAME
Corporate name or jurisdiction name as entry element United States.
Subordinate unit Congress
650 #0 - SUBJECT ADDED ENTRY--TOPICAL TERM
Topical term or geographic name entry element Sectionalism (United States)
9 (RLIN) 780181
651 #0 - SUBJECT ADDED ENTRY--GEOGRAPHIC NAME
Geographic name United States
General subdivision Foreign relations
Chronological subdivision 20th century
9 (RLIN) 780182
887 ## - NON-MARC INFORMATION FIELD
Content of non-MARC field
901 ## - LOCAL DATA ELEMENT A, LDA (RLIN)
a 291588 ;
b 21.03.1952
902 ## - LOCAL DATA ELEMENT B, LDB (RLIN)
a 148 G 2169
949 ## - LOCAL PROCESSING INFORMATION (OCLC)
-- VIRTUAITEM
-- 10000
-- 100
6 PUR000291588ENG
942 ## - ADDED ENTRY ELEMENTS (KOHA)
Source of classification or shelving scheme Dewey Decimal Classification
Koha item type Books
Holdings
Withdrawn status Lost status Damaged status Not for loan Home library Current library Date acquired Total Checkouts Full call number Barcode Date last seen Price effective from Koha item type
        National Library of India National Library of India     148 G 2169 PUR000291588ENG 27/06/2021 27/06/2021 Books
                                                                           
web counter

Copyright ©2020 The National Library of India, Govt. of India ↔ Hosted by NVLI, MOC ↔ Technology and Design by National Library of India, Ministry of Culture, Govt. of India